000 00444nam a22001337a 4500
008 230620b xxu||||| |||| 00| 0 eng d
020 _a0816015392
082 _a324.20
_bDEL
100 _cGeorge E. Delury
245 _aWorld Encyclopedia of Political System & Parties
_bSecond edition
_cVolume 2
_hmadagascar-Zimbabwe and smaller countries and microstates
260 _bfacts on file publications
_cNew york
300 _a1409p
942 _2ddc
_cBK
999 _c1911
_d1911